<?xml version="1.0" encoding="UTF-8"?>
<collection xmlns="http://www.loc.gov/MARC21/slim">
  <record>
    <leader>00000nam  2200000   4500</leader>
    <controlfield tag="001">INLIS000000000016789</controlfield>
    <controlfield tag="005">20240201111441</controlfield>
    <datafield tag="035" ind1="#" ind2="#">
      <subfield code="a">0010-0224000006</subfield>
    </datafield>
    <datafield tag="245" ind1="1" ind2="#">
      <subfield code="a">Penyusunan E-Book Panduan Administrasi Pengadaan Barang/Jasa Kegiatan Kontraktual Pada Asisten Deputi Pemetaan Data, Analisis dan Pengkajian Usaha /</subfield>
      <subfield code="c">Zulfa Errahmah Akhadiah</subfield>
    </datafield>
    <datafield tag="100" ind1=" " ind2="#">
      <subfield code="a">Zulfa Errahmah Akhadiah</subfield>
    </datafield>
    <datafield tag="250" ind1="#" ind2="#">
      <subfield code="a">1</subfield>
    </datafield>
    <datafield tag="300" ind1="#" ind2="#">
      <subfield code="a">100 halaman ;</subfield>
      <subfield code="c">30 cm</subfield>
    </datafield>
    <datafield tag="856" ind1="#" ind2="#">
      <subfield code="a">Perpustakaan LAN Pusat</subfield>
    </datafield>
    <datafield tag="260" ind1="#" ind2="#">
      <subfield code="a">Jakarta :</subfield>
      <subfield code="b">Pusbangkader,</subfield>
      <subfield code="c">2021</subfield>
    </datafield>
    <datafield tag="084" ind1="#" ind2="#">
      <subfield code="a">R 081 LATSAR 2021</subfield>
    </datafield>
    <datafield tag="650" ind1="#" ind2="4">
      <subfield code="a">Ebook Panduan</subfield>
    </datafield>
    <datafield tag="650" ind1="#" ind2="4">
      <subfield code="a">Administrasi Pengadaan</subfield>
    </datafield>
    <datafield tag="520" ind1="#" ind2="#">
      <subfield code="a">Pengkajian usaha dan teridentifikasi beberapa isu berikut ini adalah (1) belum adanya panduan penyusunan administrasi pengadaan barang/jasa kegiatan kontraktual pada Asisten Deputi Pemetaan Data, Analisis dan Pengkajian Usaha sampai dengan tahun 2021, (2) Belum optimalnya pengerjaan dan pengoreksian dokumen pada asisten deputi pemetaan data, analisis dan pengkajian usaha sampai dengan tahun 2021, (3) belum adanya daftar/ list contact person kementerian/lembaga/dinas. Adapun lima kegiatan gagasan yakni : konsultasi dan koordinasi terkait rencana penyusunan ebook, menyusun rancangan outline ebook, membuat isi draft ebook, sosialisasi draft ebook, perbaikan draft ebook.</subfield>
    </datafield>
    <datafield tag="990" ind1="#" ind2="#">
      <subfield code="a">23.11.081</subfield>
    </datafield>
  </record>
</collection>
